00249nam a2200109Ia 4500008004100000082001500041100001300056245001800069260003600087300000800123650000800131191201s2010 xx 000 0 und d a338.5bJAM aJAIN,T.R 0aMicroeconomic aN. delhibV K Enterprisesc2010 a512 aBBA